Loading...
| History - European | 0 | 7 | 1 | 0 | 65 | 40 | 56.29 | 2 | 5 | 0.00 | 0.00 |
| History - American | 0 | 6 | 0 | 1 | 60 | 30 | 67.33 | 0 | 2 | 0.00 | 0.00 |
| History - Other | 0 | 6 | 0 | 0 | 60 | 25 | 64.67 | 2 | 5 | 0.00 | 0.00 |
| Geography | 0 | 5 | 0 | 0 | 50 | 60 | 70.60 | 0 | 3 | 0.00 | 0.00 |
| Religion | 0 | 4 | 0 | 0 | 40 | 43 | 73.25 | 1 | 3 | 0.00 | 0.00 |
| Pop Culture | 0 | 3 | 0 | 0 | 30 | 36 | 46.67 | 0 | 0 | 0.00 | 0.00 |
| Painting/Sculpture | 0 | 3 | 0 | 0 | 30 | 72 | 84.67 | 0 | 1 | 0.00 | 0.00 |
| Mythology | 0 | 3 | 0 | 0 | 30 | 49 | 71.00 | 0 | 1 | 0.00 | 0.00 |
| Philosophy | 0 | 3 | 0 | 0 | 30 | 85 | 96.00 | 0 | 0 | 0.00 | 0.00 |
| Fine Arts - Other | 0 | 3 | 0 | 1 | 30 | 79 | 96.00 | 0 | 1 | 0.00 | 0.00 |
| Social Science | 0 | 3 | 0 | 2 | 30 | 78 | 94.33 | 1 | 1 | 0.00 | 0.00 |
| Literature - European | 0 | 3 | 0 | 1 | 30 | 43 | 75.00 | 2 | 2 | 0.00 | 0.00 |
| Current Events | 0 | 3 | 1 | 0 | 25 | 59 | 72.00 | 0 | 1 | 0.00 | 0.00 |
| History - World | 0 | 3 | 1 | 0 | 25 | 22 | 29.67 | 1 | 3 | 0.00 | 0.00 |
| Science - Other | 0 | 2 | 0 | 0 | 20 | 47 | 59.00 | 0 | 0 | 0.00 | 0.00 |
| Literature - World | 0 | 1 | 0 | 0 | 10 | 26 | 26.00 | 1 | 1 | 0.00 | 0.00 |
| Literature - American | 0 | 1 | 0 | 0 | 10 | 53 | 53.00 | 0 | 1 | 0.00 | 0.00 |
| Science - Chemistry | 0 | 1 | 0 | 0 | 10 | 11 | 11.00 | 1 | 1 | 0.00 | 0.00 |
| Fine Arts - Classical Music | 0 | 1 | 0 | 0 | 10 | 92 | 92.00 | 0 | 0 | 0.00 | 0.00 |
| Science - Physics | 0 | 0 | 1 | 0 | -5 | 0.00 | 0 | 0 | 0.00 | 0.00 |